| Tag |
First Indicator |
Second Indicator |
Subfields |
| LEADER |
00000cam a2200000 4500 |
| 001 |
in00000032448 |
| 005 |
20151007061749.0 |
| 008 |
720417s1965 nyu 00011 eng u |
| 010 |
|
|
|a 65023822
|
| 035 |
|
|
|a (OCoLC)00285911
|
| 035 |
|
|
|9 AAD2994AM
|
| 040 |
|
|
|c WSU
|d TXA
|d UtOrBLW
|
| 049 |
|
|
|a TXAM
|c [420816]
|
| 050 |
|
0 |
|a PZ3.R82
|b Ho
|
| 090 |
|
|
|a PS3535.U15
|b H65 1965
|
| 092 |
|
|
|a 813
|b R894h
|
| 100 |
1 |
|
|a Ruark, Robert Chester,
|d 1915-1965.
|
| 245 |
1 |
4 |
|a The honey badger /
|c [by] Robert Ruark.
|
| 250 |
|
|
|a [1st ed.].
|
| 264 |
|
1 |
|a New York :
|b McGraw-Hill,
|c [1965]
|
| 264 |
|
4 |
|c ©1965
|
| 300 |
|
|
|a 569 pages ;
|c 22 cm.
|
| 336 |
|
|
|a text
|b txt
|2 rdacontent
|
| 337 |
|
|
|a unmediated
|b n
|2 rdamedia
|
| 338 |
|
|
|a volume
|b nc
|2 rdacarrier
|
| 999 |
|
|
|a MARS
|
| 999 |
f |
f |
|s 6c83c030-8e20-385f-a226-32be2a27480f
|i 4877671e-54cb-33ab-b9b2-0f5b852f794a
|t 0
|
| 952 |
f |
f |
|p ric
|a Texas A&M University
|b Rellis Campus
|c Joint Library Facility
|d Remote Storage
|t 0
|e PS3535.U15 H65 1965
|h Library of Congress classification
|i unmediated -- volume
|m A14801249337
|
| 998 |
f |
f |
|a PS3535.U15 H65 1965
|t 0
|l Remote Storage
|